000 00892nam a2200301 a 4500
001
003 DO-SdBNP
005 20220113111500.0
008 100824s2004 dr 001 0 spa d
020 _a9993422606
020 _a9993422606
040 _aDO-SdBNP
_bspa
_cBPMSU
049 _a
082 _a370.115
_bL579e 2004
_222
100 1 _aLeón, Luis de
245 1 0 _aEducación y democracia de cara al siglo XXI /
_cLuis de León.
250 _a3a. ed.
260 _aSanto Domingo :
_bEditora el Nuevo Diario,
_c2004.
300 _a185 p. ;
_c20 cm.
500 _aIncluye datos biográficos del autor en al contracubierta
590 _6Inventariado, 2022/VM
650 4 _aAutomatización en la educación.
650 4 _aInnovaciones educativas
650 4 _aEducación
_zRepública Dominicana.
650 4 _aPedagogía social.
910 _aVMateo V.
942 _2ddc
_cBK
999 _c13940
_d13940